000 00537 a2200157 4500
082 _aBEE-5
100 _aSyeda Mahum Binte Junaid
_993547
245 _aAutomated result generation system
_cSyeda Mahum Binte Junaid
260 _aIslamabad
_bNUST-SEECS
_c2012
300 _a56p.
_b;ill.
_c;27cm.+
_eCD ROM
500 _aSupervisors:Mr. Aamir Jelani, Mr. Khawar Khurshid
563 _aHB
700 _aSyed Zafar Ali Shah, Shajeel Iqbal
_993548
856 _uhttp://10.250.8.41:8080/xmlui/handle/123456789/9259
942 _cPR
_kBEE-5 MAH
_2ddc
999 _c11299
_d11299